anagrammes-pays - Statistiques

Statistiques générales
  • Ce quiz a été pris 39 fois
  • Le résultat moyen est 7 sur 10
Statistiques - réponses
Hint Réponse % Correct
erafnc France
100%
izleeb Belize
88%
dancaa canada
84%
hnabtuo Bhoutan
75%
safiuqrddue Afrique du Sud
72%
ntigrenae Argentine
69%
nieseto Estonie
56%
rrondea Andorre
53%
bmaiine Namibie
50%
shnrdoua Honduras
47%
Aucun quiz correspondant
Distribution des résultats
% des personnes avec chaque résultat
Percentile par nombre de réponses
Votre historique - résultats
Vous n’avez pas pris ce quiz